Metodología provisional para la evaluación de la degradaciónde los suelos.

Guardado en:
Autor Corporativo: Organización de las Naciones Unidas para la Agricultura y la Alimentación.
Formato: Libro
Idioma:Spanish
Publicado: Roma : FAO, 1984.
Etiquetas: Agregar Etiqueta
Sin Etiquetas, Sea el primero en etiquetar este registro!
LEADER 00518nam a22001455a 4500
001 EEA.libagro003707
005 20190520114709.0
008 130809s1984####it#a##########000#0#spa#d
020 |a 9253008695 
082 0 4 |a 333.73 
110 2 |a Organización de las Naciones Unidas para la Agricultura y la Alimentación. 
245 1 0 |a Metodología provisional para la evaluación de la degradaciónde los suelos. 
260 |a Roma :  |b FAO,  |c 1984. 
300 |a 86 p. :  |b il. ;  |c 27 cm. 
859 |a AR-BbBCA  |b BIB. AGRONOMIA  |h 333.73  |i F218-1  |p 1988/0944